000 00437nam a22001457a 4500
020 _a9789695030041
082 _a297.266
_bGHA
245 _aTib e Nabvi aur Jadeed science \
_bGhaznavi,Dr.Khalid
260 _aلاہور:
_bالفیصل پبلشر,
_c2015.
300 _a352p. ;
563 _aHB
880 _6100-01\r
_aڈاکٹر خالد غزنوی
880 _6245-02\r
_aطب نبوی اور جدید سائنس
942 _2ddc
_cBK
999 _c614620
_d614620